Search the Library Catalogue
| 000 -LEADER | |
|---|---|
| fixed length control field | 00665nam a2200229Ia 4500 |
| 008 - FIXED-LENGTH DATA ELEMENTS--GENERAL INFORMATION | |
| fixed length control field | 191130s2009##################000#0#eng## |
| 020 ## - INTERNATIONAL STANDARD BOOK NUMBER | |
| ISBN | 9780077339180 |
| 082 ## - DEWEY DECIMAL CLASSIFICATION NUMBER | |
| Classification number | 332.6 BOD |
| 100 ## - MAIN ENTRY--AUTHOR NAME | |
| Personal name | Bodie, Zvi |
| 245 ## - TITLE STATEMENT | |
| Title | Essentials of Investments |
| Statement of responsibility, etc | Zvi Bodie Alex Kane Alan J. Marcus |
| 250 ## - EDITION STATEMENT | |
| Edition statement | 8th ed |
| 260 ## - PUBLICATION, DISTRIBUTION, ETC. (IMPRINT) | |
| Place of publication | New York |
| Name of publisher | Irwin/McGraw-Hill |
| Year of publication | 2009 |
| 300 ## - PHYSICAL DESCRIPTION | |
| Number of Pages | xxvii, 723p. : ill, col, 30cm |
| 500 ## - GENERAL NOTE | |
| General note | Includes bibliographical references and index |
| 650 ## - SUBJECT ADDED ENTRY--TOPICAL TERM | |
| Topical Term | Economics |
| 700 ## - ADDED ENTRY--PERSONAL NAME | |
| Personal name | Kane, Alex |
| Personal name | Marcus, Alan J |
| 991 ## - | |
| -- | 171335 |
| Withdrawn status | Lost status | Damaged status | Not for loan | Home library | Current library | Shelving location | Date acquired | Full call number | Accession Number | Price effective from | Koha item type |
|---|---|---|---|---|---|---|---|---|---|---|---|
| Anna Centenary Library | Anna Centenary Library | 4TH FLOOR, A WING | 13.10.2020 | 332.6 BOD | 404023 | 13.10.2020 | English Books | ||||
| Anna Centenary Library | Anna Centenary Library | 4TH FLOOR, A WING | 13.10.2020 | 332.6 BOD | 404316 | 13.10.2020 | English Books |